Gestión pública local / (Registro nro. 15533)
[ vista simple ]
| 000 -LEADER | |
|---|---|
| fixed length control field | 01963nam a22002657a 4500 |
| 003 - CONTROL NUMBER IDENTIFIER | |
| control field | OSt |
| 005 - DATE AND TIME OF LATEST TRANSACTION | |
| control field | 20210414104528.0 |
| 008 - FIXED-LENGTH DATA ELEMENTS--GENERAL INFORMATION | |
| fixed length control field | 210414s2007 ck ad||gr|||| 00| 0 spa d |
| 020 ## - INTERNATIONAL STANDARD BOOK NUMBER | |
| International Standard Book Number | 9789588340067 |
| 040 ## - CATALOGING SOURCE | |
| Original cataloging agency | CO-JMCR |
| Transcribing agency | CO-JMCR |
| 041 0# - LANGUAGE CODE | |
| Language code of text/sound track or separate title | spa |
| 082 04 - DEWEY DECIMAL CLASSIFICATION NUMBER | |
| Classification number | 352. 09861 / |
| Item number | D419g |
| Edition number | 23 |
| 110 2# - MAIN ENTRY--CORPORATE NAME | |
| Corporate name or jurisdiction name as entry element | Departamento Nacional de Planeación |
| 9 (RLIN) | 1612 |
| 245 10 - TITLE STATEMENT | |
| Title | Gestión pública local / |
| Statement of responsibility, etc. | Departamento Nacional de Planeación |
| 260 ## - PUBLICATION, DISTRIBUTION, ETC. | |
| Place of publication, distribution, etc. | Bogotá : |
| Name of publisher, distributor, etc. | Departamento Nacional de Planeación : Escuela Superior de Administración Pública, |
| Date of publication, distribution, etc. | 2007 |
| 300 ## - PHYSICAL DESCRIPTION | |
| Extent | 75 páginas : |
| Other physical details | ilustraciones y gráficas a blanco y negro ; |
| Dimensions | 22 cm. |
| 500 ## - GENERAL NOTE | |
| General note | Incluye notas a pie de página. |
| 505 0# - FORMATTED CONTENTS NOTE | |
| Formatted contents note | Gestión pública orientada a resultados -- Competencias -- Planificación -- Organización administrativa -- Recursos -- Ejecución -- Control de seguimiento, evaluación y rendición de cuentas -- Dirección -- Gestión participativa |
| 520 3# - SUMMARY, ETC. | |
| Summary, etc. | La gestión es la capacidad de llevar a cabo lo propuesto, por eso la gestión pública la podemos entender como la capacidad de los alcaldes y funcionarios gubernamentales para ejecutar los lineamientos programáticos consignados en los planes de desarrollo. Tal capacidad puede ser ejercida atendiendo las orientaciones y recomendaciones presentes en el actual documento que el DNP pone a disposición de las administraciones municipales colombianas, cuyo principal objetivo es dar orientaciones para que las prácticas gubernamentales sean ejercidas con legitimidad, transparencia, eficacia y eficiencia. El desarrollo de los municipios depende también de la calidad y eficiencia de las política y de la gestión pública. |
| 650 14 - SUBJECT ADDED ENTRY--TOPICAL TERM | |
| Topical term or geographic name entry element | Administración municipal |
| Form subdivision | Guías |
| Geographic subdivision | Colombia |
| 9 (RLIN) | 36799 |
| 650 24 - SUBJECT ADDED ENTRY--TOPICAL TERM | |
| Topical term or geographic name entry element | Administración pública |
| Form subdivision | Guías |
| Geographic subdivision | Colombia |
| 9 (RLIN) | 36800 |
| 650 24 - SUBJECT ADDED ENTRY--TOPICAL TERM | |
| Topical term or geographic name entry element | Planificación regional |
| Form subdivision | Guías |
| Geographic subdivision | Colombia |
| 9 (RLIN) | 36801 |
| 650 24 - SUBJECT ADDED ENTRY--TOPICAL TERM | |
| Topical term or geographic name entry element | Descentralización administrativa |
| Form subdivision | Guías |
| Geographic subdivision | Colombia |
| 9 (RLIN) | 36802 |
| 942 ## - ADDED ENTRY ELEMENTS (KOHA) | |
| Source of classification or shelving scheme | Dewey Decimal Classification |
| Koha item type | Books |
| Withdrawn status | Lost status | Source of classification or shelving scheme | Damaged status | Not for loan | Collection code | Home library | Current library | Date acquired | Source of acquisition | Total Checkouts | Full call number | Barcode | Date last seen | Copy number | Price effective from | Koha item type |
|---|---|---|---|---|---|---|---|---|---|---|---|---|---|---|---|---|
| Dewey Decimal Classification | Non-fiction | Biblioteca Pública José María del Castillo y Rada | Biblioteca Pública José María del Castillo y Rada | 04/15/2018 | Donación | 352. 09861 / D419g | 201810995 | 05/16/2024 | Ej.1 | 04/14/2021 | Books |